[Event "Czech Chess Christmas 2016"]
[Site "?"]
[Date "2016.12.26"]
[Round "?"]
[White "Plat, Vojtech"]
[Black "Deutsch, Joey"]
[Result "1-0"]
[WhiteElo "2532"]
[BlackElo "1935"]
[PlyCount "35"]
[EventDate "2016.12.26"]
[SourceDate "2016.12.26"]

1. e4 c6 2. d4 d5 3. exd5 cxd5 4. c4 Nf6 5. Nc3 Nc6 6. Nf3 Bg4 7. Be3 e6 8. c5
Be7 9. Qb3 Bxf3 10. Qxb7 Nxd4 11. Bxd4 Bh5 12. Bb5+ Kf8 13. O-O Ne8 14. Rac1 f6
15. Bc6 Nc7 16. Nb5 Nxb5 17. Bxb5 Kf7 18. Bd7 1-0

[Event "Czech Chess Christmas 2016"]
[Site "?"]
[Date "2016.12.26"]
[Round "?"]
[White "Chojnacki, Krzysztof"]
[Black "Pribyl, Viktor"]
[Result "1-0"]
[WhiteElo "2368"]
[BlackElo "1878"]
[PlyCount "59"]

1. e4 c5 2. Nf3 d6 3. d4 cxd4 4. Nxd4 Nf6 5. Nc3 a6 6. Bc4 e6 7. Bb3 b5 8. O-O
Be7 9. Qf3 Qb6 10. Be3 Qb7 11. Qg3 O-O 12. Bh6 Ne8 13. a3 Bf6 14. Be3 Nd7 15.
f4 Nc5 16. e5 dxe5 17. fxe5 Be7 18. Ba2 Bd7 19. b4 Na4 20. Nxa4 bxa4 21. Bc4 a5
22. b5 Bc5 23. Nf5 Bxe3+ 24. Nxe3 Nc7 25. Rab1 Rab8 26. Bd3 Qa7 27. c4 Qc5 28.
Kh1 Qxa3 29. Nd5 Qc5 30. Nf6+ 1-0

[Event "Czech Chess Christmas 2016"]
[Site "?"]
[Date "2016.12.26"]
[Round "?"]
[White "Pulpan, Jakub"]
[Black "Krusina, Patrik"]
[Result "1-0"]
[WhiteElo "2401"]
[BlackElo "1883"]
[PlyCount "51"]

1. e4 e6 2. d4 d5 3. Nc3 dxe4 4. Nxe4 Bd7 5. Nf3 Bc6 6. Bd3 Nd7 7. O-O Ngf6 8.
Ng3 Be7 9. b3 Bd6 10. c4 b6 11. d5 exd5 12. Re1+ Kf8 13. Nf5 dxc4 14. Bxc4 Bxf3
15. Qxf3 Ne5 16. Qg3 Nh5 17. Qh3 Nxc4 18. bxc4 Qf6 19. Rb1 g6 20. Nxd6 Qxd6 21.
Bh6+ Kg8 22. Rbd1 Qb4 23. Qd7 Rf8 24. Re8 Nf6 25. Rxf8+ Qxf8 26. Qd8 1-0

[Event "Czech Chess Christmas 2016"]
[Site "?"]
[Date "2016.12.26"]
[Round "?"]
[White "Czyc, Artur"]
[Black "Neuman, Petr"]
[Result "0-1"]
[WhiteElo "1921"]
[BlackElo "2420"]
[PlyCount "44"]

1. e4 c5 2. Nf3 d6 3. d4 cxd4 4. Nxd4 Nf6 5. Nc3 Nc6 6. Bc4 Qb6 7. Be3 Qxb2 8.
Ndb5 Qb4 9. Bd3 Qa5 10. Rb1 e6 11. O-O Be7 12. f4 O-O 13. Ne2 e5 14. Bd2 Qd8
15. c4 exf4 16. Bxf4 Ne5 17. Nbc3 b6 18. Ng3 g6 19. Rb5 Ba6 20. Bxe5 dxe5 21.
Rd5 Nxd5 22. Nxd5 Bb7 0-1

[Event "Czech Chess Christmas 2016"]
[Site "?"]
[Date "2016.12.26"]
[Round "?"]
[White "Starostits, Ilmars"]
[Black "Sokolski, Alexander"]
[Result "1-0"]
[WhiteElo "2413"]
[BlackElo "1910"]
[PlyCount "33"]

1. d4 Nf6 2. Nf3 e6 3. e3 b6 4. Bd3 d5 5. O-O Bd6 6. Nbd2 Nbd7 7. e4 dxe4 8.
Nxe4 Be7 9. Ne5 Nxe5 10. dxe5 Nd7 11. Qg4 Nxe5 12. Qxg7 Ng6 13. Ng5 Bxg5 14.
Bxg6 Qf6 15. Bxf7+ Qxf7 16. Qxh8+ Kd7 17. Bxg5 1-0

[Event "Czech Chess Christmas 2016"]
[Site "?"]
[Date "2016.12.26"]
[Round "?"]
[White "Sodomka, Adam"]
[Black "Cerveny, Martin"]
[Result "0-1"]
[WhiteElo "1882"]
[BlackElo "2395"]
[PlyCount "80"]

1. d4 d6 2. Nc3 Nf6 3. Bg5 Nbd7 4. e3 c6 5. Bc4 b5 6. Bb3 b4 7. Nce2 a5 8. Nf3
a4 9. Bc4 h6 10. Bxf6 Nxf6 11. Ng3 e6 12. O-O h5 13. h4 d5 14. Bd3 Bd6 15. Ne5
Bxe5 16. dxe5 Ng4 17. Qf3 Qxh4 18. Rfd1 Nxe5 19. Qe2 Qg4 20. Qe1 h4 21. Be2 Qg6
22. Nf1 h3 23. Ng3 Qh6 24. Qxb4 hxg2 25. Kxg2 Qh3+ 26. Kg1 Ba6 27. Rd3 Qh2+ 28.
Kf1 Rh3 29. Rad1 Rxg3 30. fxg3 Bxd3 31. cxd3 Qh1+ 32. Kf2 Qxd1 33. Qb7 Nxd3+
34. Bxd3 Qd2+ 35. Kf3 Qa5 36. Qxc6+ Ke7 37. Bb5 f5 38. Kf4 Kf6 39. e4 Qd2+ 40.
Kf3 dxe4+ 0-1

[Event "Czech Chess Christmas 2016"]
[Site "?"]
[Date "2016.12.26"]
[Round "?"]
[White "Zeman, Ladislav"]
[Black "Klima, Lukas"]
[Result "0-1"]
[WhiteElo "1816"]
[BlackElo "2356"]
[PlyCount "45"]

1. e4 c5 2. Nc3 Nc6 3. g3 g6 4. Bg2 Bg7 5. Nge2 e6 6. d3 Nge7 7. Be3 d6 8. Qd2
Nd4 9. O-O-O Qb6 10. Rde1 h5 11. Kb1 Nec6 12. Nd1 Ne5 13. Nxd4 cxd4 14. Bg5 Bd7
15. f4 Nc6 16. c4 d5 17. f5 f6 18. fxe6 Bxe6 19. Bf4 Qc5 20. h4 b5 21. cxb5
Qxb5 22. Bd6 Nb4 23. exd5 0-1

[Event "Czech Chess Christmas 2016"]
[Site "?"]
[Date "2016.12.26"]
[Round "?"]
[White "Malik, Jan"]
[Black "Skockova, Katerina"]
[Result "1-0"]
[WhiteElo "2320"]
[BlackElo "1809"]
[PlyCount "55"]

1. e4 e5 2. Nf3 Nf6 3. Nxe5 Nxe4 4. Qe2 Qe7 5. Qxe4 d6 6. d4 dxe5 7. dxe5 Nc6
8. Nc3 Qb4 9. Bc4 Be6 10. Bxe6 Qxe4+ 11. Nxe4 fxe6 12. O-O Nxe5 13. Bf4 Ng6 14.
Bxc7 Rc8 15. Ba5 Rc4 16. Rfe1 Rxc2 17. Rac1 Rxc1 18. Rxc1 b6 19. Bc3 e5 20. Rd1
Be7 21. Rd5 Bf6 22. g3 O-O 23. h4 Rf7 24. h5 Ne7 25. Rd8+ Rf8 26. Rd7 Nc8 27.
Bb4 Rd8 28. Nxf6+ 1-0

[Event "Czech Chess Christmas 2016"]
[Site "?"]
[Date "2016.12.26"]
[Round "?"]
[White "Sieber, Martin"]
[Black "Kraus , Tomas"]
[Result "0-1"]
[WhiteElo "1896"]
[BlackElo "2403"]
[PlyCount "60"]

1. d4 c5 2. dxc5 e6 3. c4 Bxc5 4. Nf3 Nf6 5. Nc3 Nc6 6. a3 d5 7. b4 Bb6 8. Bg5
h6 9. cxd5 hxg5 10. dxc6 Qc7 11. e3 bxc6 12. Rc1 a6 13. Nxg5 Rxh2 14. Rxh2 Qxh2
15. Nce4 Nd5 16. Rxc6 Bd7 17. Nf3 Qh7 18. Qc2 Ke7 19. Rxb6 Rc8 20. Qd3 Nxb6 21.
Qd6+ Ke8 22. Nfg5 Qh5 23. f3 Qh4+ 24. Kd2 Bc6 25. Qc5 Bxe4 26. Nxe4 Rxc5 27.
bxc5 Nd5 28. Bxa6 f5 29. Nd6+ Kd8 30. e4 Qf2+ 0-1

[Event "Czech Chess Christmas 2016"]
[Site "?"]
[Date "2016.12.26"]
[Round "?"]
[White "Bartos, Karel"]
[Black "Paul, Johannes"]
[Result "0-1"]
[WhiteElo "1795"]
[BlackElo "2319"]
[PlyCount "90"]

1. e4 e6 2. d4 d5 3. Nc3 Bb4 4. e5 c5 5. a3 Bxc3+ 6. bxc3 Ne7 7. Nf3 Nbc6 8.
Be2 Qa5 9. Bd2 Bd7 10. O-O c4 11. Re1 O-O-O 12. Bf1 f5 13. Qb1 h6 14. Qb2 Be8
15. Reb1 Rd7 16. a4 Bh5 17. Be2 Kb8 18. Qb5 Ka8 19. Qxa5 Nxa5 20. Rb5 b6 21. h4
Ng6 22. g3 f4 23. Kg2 Rf8 24. Rf1 Rdf7 25. Rbb1 Nc6 26. Rbe1 Nce7 27. Bc1 Bg4
28. Ba3 Bf5 29. Bd1 Be4 30. h5 Nh8 31. g4 Rg8 32. Bxe7 Rxe7 33. Kh3 Nf7 34. Rg1
Kb7 35. Nh4 Ng5+ 36. Kh2 f3 37. Kg3 Rf7 38. Re3 Rgf8 39. Rge1 Ka6 40. Ng6 Bxg6
41. hxg6 Rf4 42. Rh1 Ne4+ 43. Kh4 Nxf2 44. Rg1 Ne4 45. Rf1 f2 0-1

[Event "Czech Chess Christmas 2016"]
[Site "?"]
[Date "2016.12.27"]
[Round "?"]
[White "Simet, Martin"]
[Black "Pulpan, Jakub"]
[Result "1/2-1/2"]
[WhiteElo "2114"]
[BlackElo "2401"]
[PlyCount "38"]
[EventDate "2016.12.27"]
[SourceDate "2016.12.27"]

1. e4 c5 2. Nf3 d6 3. d4 cxd4 4. Nxd4 Nf6 5. f3 e5 6. Nb3 d5 7. Bg5 d4 8. c3
Nc6 9. cxd4 exd4 10. Bb5 Bb4+ 11. Bd2 Be7 12. Ba5 Qd6 13. Qxd4 Qe6 14. Nc5 Qd6
15. Qxd6 Bxd6 16. Nd3 Nd7 17. Bc3 O-O 18. O-O Nde5 19. Nxe5 Nxe5 1/2-1/2

[Event "Czech Chess Christmas 2016"]
[Site "?"]
[Date "2016.12.27"]
[Round "?"]
[White "Kraus, Tomas"]
[Black "Schaefer, Reyk"]
[Result "1-0"]
[WhiteElo "2403"]
[BlackElo "2147"]
[PlyCount "29"]

1. e4 e5 2. Nf3 Nc6 3. d4 exd4 4. Nxd4 Nf6 5. Nxc6 bxc6 6. Bd3 Bc5 7. O-O O-O
8. Bg5 d6 9. Nd2 Rb8 10. Nb3 Bb6 11. a4 a5 12. Qd2 Be6 13. Nxa5 Bxa5 14. Qxa5
Rxb2 15. Qc3 1-0

[Event "Czech Chess Christmas 2016"]
[Site "?"]
[Date "2016.12.27"]
[Round "?"]
[White "Pekar, Vaclav"]
[Black "Starostits, Ilmars"]
[Result "0-1"]
[WhiteElo "2170"]
[BlackElo "2413"]
[PlyCount "104"]

1. c4 e5 2. g3 Nc6 3. Bg2 g6 4. Nc3 d6 5. e4 h5 6. h4 Nd4 7. Nce2 Ne6 8. d4
exd4 9. Nxd4 Bg7 10. Nge2 Nf6 11. O-O O-O 12. Nxe6 Bxe6 13. Qc2 Ng4 14. Nf4 Qe7
15. Rb1 c6 16. b3 Ne5 17. Ba3 c5 18. Bb2 Nc6 19. Bxg7 Kxg7 20. Bh3 Bxh3 21.
Nxh3 Nd4 22. Qd3 Rae8 23. f3 f5 24. exf5 Rxf5 25. Kg2 Qe2+ 26. Qxe2 Rxe2+ 27.
Rf2 Rxf2+ 28. Nxf2 Rxf3 29. Ne4 Rd3 30. Nxd6 Rd2+ 31. Kf1 b6 32. a4 Nf3 33. Nb5
a5 34. Rc1 Kf6 35. Rc3 Nd4 36. Nd6 Ke5 37. Nc8 Rb2 38. Re3+ Kf5 39. Ne7+ Kg4
40. Nxg6 Nf3 41. Ne5+ Nxe5 42. Rxe5 Rxb3 43. Rg5+ Kf3 44. Ke1 Rb4 45. Rxh5 Rxa4
46. Rg5 Rxc4 47. h5 a4 48. h6 a3 49. h7 Rc1+ 50. Kd2 Rh1 51. Rg7 a2 52. Ra7
Rxh7 0-1

[Event "Czech Chess Christmas 2016"]
[Site "?"]
[Date "2016.12.27"]
[Round "?"]
[White "Sernecki, Franciszek"]
[Black "Malik, Jan"]
[Result "1-0"]
[WhiteElo "2058"]
[BlackElo "2320"]
[PlyCount "129"]

1. d4 d5 2. Nf3 Nf6 3. c4 e6 4. e3 c6 5. Nbd2 Nbd7 6. Bd3 Bd6 7. O-O O-O 8. e4
dxe4 9. Nxe4 Nxe4 10. Bxe4 Nf6 11. Bc2 b6 12. Bg5 Bb7 13. Qd3 g6 14. Rad1 Be7
15. Qe3 Nd7 16. Bxe7 Qxe7 17. d5 e5 18. Be4 Rac8 19. dxc6 Bxc6 20. Bxc6 Rxc6
21. Rxd7 Qxd7 22. Nxe5 Qd6 23. Nxc6 Qxc6 24. Qd3 Qf6 25. b3 Qb2 26. Qb1 Qa3 27.
Rd1 Re8 28. Qc2 Qb4 29. h3 Qa3 30. Qd2 Re7 31. Kf1 Re6 32. Qd8+ Kg7 33. Qd4+
Kg8 34. Qd8+ Kg7 35. Qd4+ Kg8 36. Qd2 Kg7 37. Qc3+ Rf6 38. Rd4 g5 39. Rd5 Kg6
40. Qc2+ Kh6 41. Qd2 Rg6 42. h4 f6 43. Rd7 a5 44. Qc3 Qxa2 45. hxg5+ Rxg5 46.
Qh3+ Rh5 47. Rxh7+ Kxh7 48. Qxh5+ Kg7 49. Qg4+ Kf7 50. Qd7+ Kg6 51. Qd3+ Kf7
52. Qd5+ Kg7 53. Qd7+ Kg6 54. Qd3+ Kg7 55. g3 a4 56. bxa4 Qxa4 57. Qd5 Qb4 58.
Kg2 Qb3 59. Qb7+ Kg6 60. c5 b5 61. Qe4+ Kf7 62. c6 Qe6 63. Qh7+ Ke8 64. c7 Qd5+
65. Kh2 1-0

[Event "Czech Chess Christmas 2016"]
[Site "?"]
[Date "2016.12.27"]
[Round "?"]
[White "Cerveny, Martin"]
[Black "Jandl, Vojtech"]
[Result "1-0"]
[WhiteElo "2395"]
[BlackElo "2092"]
[PlyCount "63"]

1. d4 g6 2. e4 Bg7 3. Bc4 d6 4. Nc3 Nc6 5. Nf3 Nf6 6. Qe2 e5 7. dxe5 Nxe5 8.
Nxe5 dxe5 9. Bg5 c6 10. Rd1 Qe7 11. O-O Bg4 12. f3 Be6 13. Nd5 cxd5 14. exd5
Rc8 15. Bb3 Bd7 16. d6 Qd8 17. Qxe5+ Kf8 18. Rfe1 h6 19. Bh4 g5 20. Bf2 a5 21.
a4 Kg8 22. Bd4 Nh5 23. Qd5 Bxd4+ 24. Rxd4 Qf6 25. c3 Kg7 26. Re7 Rhf8 27. Rxd7
Nf4 28. Qb5 Rce8 29. Re4 Rxe4 30. fxe4 Ne6 31. Re7 Nd8 32. Qe5 1-0

[Event "Czech Chess Christmas 2016"]
[Site "?"]
[Date "2016.12.27"]
[Round "?"]
[White "Dzikowski, Michal"]
[Black "Chojnacki, Krzysztof"]
[Result "1-0"]
[WhiteElo "2090"]
[BlackElo "2368"]
[PlyCount "51"]

1. d4 d6 2. c4 f5 3. Nc3 Nf6 4. Bg5 Nbd7 5. Nh3 e5 6. dxe5 dxe5 7. Qc2 h6 8.
Qxf5 hxg5 9. Qg6+ Ke7 10. Nxg5 Qe8 11. Nd5+ Nxd5 12. Qe6+ Kd8 13. Nf7+ Qxf7 14.
Qxf7 Ne7 15. O-O-O c6 16. g3 Kc7 17. Qe8 Rb8 18. h4 g5 19. e3 Nf5 20. Bh3 Bg7
21. Qg6 g4 22. Bxg4 Nf8 23. Qf7+ Kb6 24. Bxf5 Bxf5 25. Qxf5 Nh7 26. Rd7 1-0

[Event "Czech Chess Christmas 2016"]
[Site "?"]
[Date "2016.12.27"]
[Round "?"]
[White "Klima, Lukas"]
[Black "Mulenko, Alexander"]
[Result "1-0"]
[WhiteElo "2356"]
[BlackElo "2074"]
[PlyCount "83"]

1. e4 c5 2. Nf3 g6 3. c3 Qc7 4. d4 d6 5. h3 Bg7 6. Bd3 Nd7 7. O-O Ngf6 8. Nbd2
O-O 9. a4 e5 10. dxe5 dxe5 11. Nc4 Nh5 12. Re1 Nb6 13. a5 Nxc4 14. Bxc4 h6 15.
Qb3 Rb8 16. a6 bxa6 17. Qa3 Rb6 18. Be3 Rc6 19. Bd5 Rf6 20. Qxc5 Qb8 21. Qxa7
Qxb2 22. Nxe5 Be6 23. Nc4 Qb5 24. Nd6 Qd7 25. Qxd7 Bxd7 26. e5 Rxd6 27. exd6
Bxc3 28. Bxh6 Ng7 29. Re7 Bxa1 30. Rxd7 Be5 31. g4 Kh7 32. Be3 Ne8 33. Bxf7 Nf6
34. Ra7 Bxd6 35. Be8+ Kh8 36. Bxg6 Be5 37. Bh6 Rd8 38. Bg7+ Kg8 39. Bf5 Bd4 40.
Be6+ Kh7 41. Bxf6+ Bxa7 42. Bxd8 1-0

[Event "Czech Chess Christmas 2016"]
[Site "?"]
[Date "2016.12.27"]
[Round "?"]
[White "Splichal, Stanislav"]
[Black "Plat, Vojtech"]
[Result "0-1"]
[WhiteElo "2177"]
[BlackElo "2532"]
[PlyCount "80"]

1. Nf3 d6 2. d4 f5 3. g3 Nf6 4. Bg2 g6 5. O-O Bg7 6. c4 O-O 7. Nc3 Qe8 8. d5
Na6 9. Nd4 Bd7 10. Rb1 c6 11. dxc6 bxc6 12. b4 e5 13. Nc2 Qe6 14. Na3 e4 15.
Qa4 Nc7 16. Qa5 Rfc8 17. Bb2 Ng4 18. b5 Ne5 19. Rfd1 cxb5 20. Ncxb5 Nxb5 21.
cxb5 Qxa2 22. Qd2 Nf7 23. Bxg7 Qxd2 24. Rxd2 Kxg7 25. f3 Rc3 26. Ra2 Be6 27.
Raa1 d5 28. Rb2 Rac8 29. b6 axb6 30. Rxb6 Bd7 31. Rb7 Bc6 32. Ra7 Kf6 33. Rb1
Nd6 34. Rb6 d4 35. h4 d3 36. exd3 exd3 37. Rb2 Ra8 38. Rxa8 Bxa8 39. Rb6 Ke7
40. Nb1 Rc1+ 0-1

[Event "Czech Chess Christmas 2016"]
[Site "?"]
[Date "2016.12.27"]
[Round "?"]
[White "Neuman, Petr"]
[Black "Koziol, Kamil"]
[Result "1-0"]
[WhiteElo "2420"]
[BlackElo "2172"]
[PlyCount "203"]

1. c4 g6 2. e4 e5 3. Nf3 Nf6 4. Nc3 Nc6 5. d4 exd4 6. Nxd4 d6 7. Be2 Bg7 8. Be3
O-O 9. O-O Qe7 10. f3 Be6 11. Qd2 Rfd8 12. Rad1 Nxd4 13. Bxd4 c6 14. Rfe1 d5
15. cxd5 cxd5 16. e5 Nd7 17. Bf1 a6 18. g3 Rac8 19. Qf2 Nb8 20. f4 Nc6 21. Bc5
Qe8 22. Bg2 d4 23. Ne4 Qd7 24. Bb6 Rf8 25. b3 h5 26. Rd2 Bf5 27. Nd6 Rb8 28.
Bxd4 Nxd4 29. Rxd4 b5 30. Red1 Be6 31. Qe3 Qa7 32. h3 Qb6 33. Kh2 Rfd8 34. Qd2
Rf8 35. Bd5 Bxd5 36. Rxd5 Rbd8 37. Qe2 Ra8 38. R5d2 Ra7 39. Qf2 Qxf2+ 40. Rxf2
Rc7 41. Rfd2 Rd8 42. Ne4 Rxd2+ 43. Rxd2 Rc1 44. Kg2 Bf8 45. g4 hxg4 46. hxg4
Be7 47. Kf3 Rf1+ 48. Rf2 Rc1 49. f5 a5 50. Rd2 Rf1+ 51. Rf2 Rc1 52. f6 Bb4 53.
e6 fxe6 54. Ng5 Be1 55. Rh2 Rc7 56. f7+ Rxf7+ 57. Nxf7 Kxf7 58. g5 e5 59. Ke4
Bg3 60. Rh7+ Kf8 61. Ra7 a4 62. bxa4 bxa4 63. Rxa4 Bf4 64. Ra8+ Ke7 65. Ra7+
Kd8 66. Rg7 Bxg5 67. Rxg6 Bf4 68. Rg7 Kc8 69. Rf7 Kb8 70. a4 Bd2 71. Kxe5 Be1
72. Kd5 Bg3 73. Kc6 Ka8 74. Rf5 Ka7 75. Ra5+ Kb8 76. Rg5 Bf4 77. Rf5 Bg3 78.
Rb5+ Ka7 79. Ra5+ Kb8 80. Rg5 Bf4 81. Rf5 Bg3 82. Kb6 Bc7+ 83. Kc6 Bg3 84. Rf7
Ka8 85. Rb7 Bf4 86. Kb6 Be3+ 87. Ka6 Bf4 88. Rf7 Bd6 89. a5 Be5 90. Rd7 Kb8 91.
Re7 Bc3 92. Rf7 Bd2 93. Rf5 Bc3 94. Rf8+ Kc7 95. Rf1 Be5 96. Rf5 Bg3 97. Ka7
Bd6 98. Rf7+ Kc8 99. Kb6 Be5 100. Rb7 Bd4+ 101. Kc6 Be5 102. a6 1-0

[Event "Czech Chess Christmas 2016"]
[Site "?"]
[Date "2016.12.27"]
[Round "?"]
[White "Paul, Johannes"]
[Black "Zolnierowicz, Krzysztof"]
[Result "1/2-1/2"]
[WhiteElo "2319"]
[BlackElo "2030"]
[PlyCount "86"]
[SourceDate "2016.12.27"]

1. d4 d5 2. c4 e6 3. Nc3 c5 4. cxd5 exd5 5. Nf3 Nc6 6. g3 Nf6 7. Bg2 Be7 8. O-O
O-O 9. dxc5 Bxc5 10. a3 Bg4 11. b4 Be7 12. Bb2 Re8 13. Rc1 Bf8 14. Nb5 a5 15.
Bxf6 gxf6 16. h3 Bxf3 17. Bxf3 axb4 18. axb4 Re5 19. Nd4 Qb6 20. e3 Bxb4 21.
Rb1 Qc5 22. Nc2 Bc3 23. Rxb7 Rd8 24. Qb1 Na5 25. Rb5 Qe7 26. Nd4 Nc4 27. Qd3
Bxd4 28. exd4 Qd7 29. Rc5 Qf5 30. Qc3 Re7 31. Kg2 Qe6 32. Rb1 Qa6 33. Bxd5 Ne3+
34. fxe3 Qe2+ 35. Kh1 Rxd5 36. Rxd5 Qf3+ 37. Kh2 Qf2+ 38. Kh1 Qf3+ 39. Kg1
Qxg3+ 40. Kf1 Qf3+ 41. Kg1 Qg3+ 42. Kh1 Qxh3+ 43. Kg1 Qg3+ 1/2-1/2

[Event "Czech Chess Christmas 2016"]
[Site "?"]
[Date "2016.12.27"]
[Round "?"]
[White "Jedlicka, Ales"]
[Black "Cerveny, Martin"]
[Result "0-1"]
[WhiteElo "2194"]
[BlackElo "2395"]
[PlyCount "78"]
[SourceDate "2016.12.27"]

1. d4 d6 2. e4 Nf6 3. Nc3 e5 4. Nf3 Nbd7 5. Bc4 Be7 6. O-O O-O 7. Re1 c6 8. a4
a5 9. h3 Qc7 10. b3 exd4 11. Qxd4 Ne5 12. Nxe5 dxe5 13. Qe3 h6 14. Ba3 Bxa3 15.
Rxa3 Nd7 16. Raa1 Nb6 17. Be2 Be6 18. Rad1 Rfd8 19. Bg4 Bxg4 20. hxg4 Nd7 21.
Ne2 Nf8 22. Ng3 Ne6 23. Nf5 Rxd1 24. Rxd1 Rd8 25. Rd2 Rd7 26. Qc3 g6 27. Rxd7
Qxd7 28. Nxh6+ Kg7 29. Qxe5+ f6 30. Qc3 Qd1+ 31. Kh2 Qc1 32. Nf5+ gxf5 33. gxf5
Ng5 34. f3 Qf4+ 35. Kg1 Qg3 36. Qxa5 Nxf3+ 37. Kf1 Nh2+ 38. Ke2 Ng4 39. Qc5
Qxg2+ 0-1

[Event "Czech Chess Christmas 2016"]
[Site "?"]
[Date "2016.12.27"]
[Round "?"]
[White "Houska, Bronislav"]
[Black "Paul, Johannes"]
[Result "0-1"]
[WhiteElo "2000"]
[BlackElo "2319"]
[PlyCount "48"]

1. Nf3 Nf6 2. c4 c5 3. Nc3 e6 4. g3 b6 5. Bg2 Bb7 6. O-O a6 7. e3 Qc8 8. b3 Be7
9. Bb2 O-O 10. Qe2 d6 11. Rfd1 Nbd7 12. Rac1 Ra7 13. d4 cxd4 14. exd4 Qb8 15.
Ba3 Re8 16. Ng5 Bxg2 17. Kxg2 Bf8 18. Nce4 h6 19. Nxf6+ Nxf6 20. Ne4 Nxe4 21.
Qxe4 d5 22. cxd5 Bxa3 23. Rc6 exd5 24. Qxd5 Rc7 0-1

[Event "Czech Chess Christmas 2016"]
[Site "?"]
[Date "2016.12.27"]
[Round "?"]
[White "Zolnierowicz, Krzysztof"]
[Black "Nowak, Kamil"]
[Result "1/2-1/2"]
[WhiteElo "2030"]
[BlackElo "2301"]
[PlyCount "85"]

1. e4 e5 2. Nf3 Nc6 3. Bb5 a6 4. Ba4 Nf6 5. O-O b5 6. Bb3 Be7 7. Re1 O-O 8. c3
d5 9. exd5 Nxd5 10. d4 exd4 11. h3 Be6 12. cxd4 Re8 13. Nc3 Qd7 14. Ne4 Bf5 15.
Nc5 Bxc5 16. Rxe8+ Rxe8 17. dxc5 Ncb4 18. Ne1 Qe7 19. Bd2 Qxc5 20. Qf3 Be4 21.
Qg3 Qd4 22. Rd1 Qxb2 23. Bxb4 Nxb4 24. Rd7 Bd5 25. Qe3 Be6 26. Bxe6 Qf6 27.
Rxc7 Qxe6 28. Qxe6 fxe6 29. a3 Nd5 30. Ra7 b4 31. axb4 Nxb4 32. Rb7 a5 33. Ra7
Nc6 34. Rc7 Nd4 35. Ra7 Nb3 36. Nd3 h6 37. Rb7 a4 38. Nb2 Na5 39. Rc7 Rb8 40.
Nxa4 Rb1+ 41. Kh2 Ra1 42. Rc8+ Kf7 43. Nb6 1/2-1/2

[Event "Czech Chess Christmas 2016"]
[Site "?"]
[Date "2016.12.27"]
[Round "?"]
[White "Starostits, Ilmars"]
[Black "Kernazhitsky, Leonid"]
[Result "1-0"]
[WhiteElo "2413"]
[BlackElo "2295"]
[PlyCount "93"]

1. d4 d5 2. Nf3 Nf6 3. e3 e6 4. Bd3 c5 5. b3 Nc6 6. O-O Bd6 7. Bb2 Qc7 8. Nc3
a6 9. dxc5 Bxc5 10. e4 dxe4 11. Nxe4 Be7 12. Nxf6+ gxf6 13. Qd2 h5 14. c4 Bd7
15. a3 O-O-O 16. Qe3 e5 17. b4 Bg4 18. b5 Bxf3 19. Qxf3 Nd4 20. Bxd4 Rxd4 21.
bxa6 Qc6 22. Qxc6+ bxc6 23. Bf5+ Kc7 24. Rfb1 Rb8 25. g3 Bc5 26. Rxb8 Kxb8 27.
Rb1+ Ka7 28. Rb7+ Kxa6 29. Rxf7 Bxa3 30. Rxf6 Rd6 31. Rxd6 Bxd6 32. h4 Kb6 33.
Kg2 Kc5 34. Bd7 e4 35. Bf5 e3 36. fxe3 Kxc4 37. Bg6 c5 38. Kf3 Kc3 39. Bxh5 Kd2
40. Bf7 Kd3 41. g4 c4 42. Bxc4+ Kxc4 43. Ke4 Kc5 44. g5 Kc6 45. g6 Bf8 46. Kf5
Bg7 47. Ke6 1-0

[Event "Czech Chess Christmas 2016"]
[Site "?"]
[Date "2016.12.27"]
[Round "?"]
[White "Pulpan, Jakub"]
[Black "Seibt, Sascha"]
[Result "1-0"]
[WhiteElo "2401"]
[BlackElo "1939"]
[PlyCount "117"]

1. e4 e6 2. d4 d5 3. Nc3 Nf6 4. Bg5 dxe4 5. Nxe4 Be7 6. Bxf6 gxf6 7. Nf3 f5 8.
Ng3 c5 9. Bb5+ Bd7 10. Bc4 Bc6 11. d5 exd5 12. Bd3 f4 13. Nf5 c4 14. Be2 Qd7
15. N3d4 Na6 16. Bg4 Kd8 17. O-O Bf6 18. Qd2 Nc5 19. Qxf4 Ne6 20. Nxe6+ fxe6
21. Nd4 Bxd4 22. Qxd4 Re8 23. Rfe1 Kc7 24. Re3 Re7 25. Rae1 Rae8 26. Qxa7 d4
27. Re5 Rg7 28. Qa5+ Kb8 29. Rg5 Reg8 30. h4 Rxg5 31. hxg5 Qd5 32. Qxd5 Bxd5
33. f4 d3 34. cxd3 cxd3 35. b3 d2 36. Rd1 h6 37. Rxd2 hxg5 38. f5 Re8 39. f6
Rf8 40. Rf2 Kc7 41. f7 Kd6 42. Bh5 Ke7 43. g4 Rc8 44. Kh2 Rd8 45. Bg6 Rc8 46.
Bh7 Kf8 47. Bg6 Ke7 48. Bh5 Rd8 49. b4 Rc8 50. a4 Kf8 51. a5 Rc1 52. Rf6 Rc2+
53. Kg1 Rc1+ 54. Kf2 Rc7 55. Rh6 Rc2+ 56. Ke3 Rc3+ 57. Kd2 Rf3 58. Rh8+ Ke7 59.
Re8+ 1-0

[Event "Czech Chess Christmas 2016"]
[Site "?"]
[Date "2016.12.27"]
[Round "?"]
[White "Hollan, Petr"]
[Black "Sernecki, Franciszek"]
[Result "1/2-1/2"]
[WhiteElo "2313"]
[BlackElo "2058"]
[PlyCount "120"]

1. e4 e6 2. d4 d5 3. Nd2 dxe4 4. Nxe4 Nd7 5. Bd3 Ngf6 6. Qe2 Nxe4 7. Bxe4 c5 8.
dxc5 Nxc5 9. Nf3 Nxe4 10. Qxe4 Qd5 11. Qxd5 exd5 12. O-O Be6 13. Re1 Rc8 14. c3
Bc5 15. Be3 b6 16. a4 O-O 17. h3 a5 18. Rad1 h6 19. Ne5 Rfd8 20. Bd4 Rc7 21.
Re3 Rb8 22. Nf3 Bd6 23. Be5 Bxe5 24. Rxe5 b5 25. axb5 Rxb5 26. Re2 Rcb7 27.
Rdd2 R5b6 28. Nd4 a4 29. f4 Kf8 30. f5 Bd7 31. g4 Rb8 32. Kh2 Bb5 33. Rf2 Bc4
34. Nf3 Ra8 35. Ne5 Kg8 36. Rd4 Rab8 37. Rdd2 Ra8 38. Rf4 Rab8 39. Nxc4 dxc4
40. Rff2 Rb3 41. Rc2 Rd8 42. Kg3 a3 43. bxa3 Rxa3 44. Rf3 Rd1 45. Kf4 f6 46.
Re3 h5 47. gxh5 Kh7 48. Rg2 Ra7 49. Rgg3 Rad7 50. Re4 Rf1+ 51. Rf3 Rxf3+ 52.
Kxf3 Rd3+ 53. Re3 Rd1 54. Kg4 Rd8 55. Re4 Rc8 56. Kf3 Kh6 57. Rg4 Kxh5 58. Rxg7
Rd8 59. Kf4 Kh6 60. Rc7 Rd3 1/2-1/2

[Event "Czech Chess Christmas 2016"]
[Site "?"]
[Date "2016.12.27"]
[Round "?"]
[White "Richterova, Natasa"]
[Black "Kraus, Tomas"]
[Result "1/2-1/2"]
[WhiteElo "2199"]
[BlackElo "2403"]
[PlyCount "112"]

1. c4 e5 2. Nc3 Nf6 3. g3 d5 4. cxd5 Nxd5 5. Bg2 Nb6 6. e3 Nc6 7. Nge2 Bf5 8.
d4 exd4 9. exd4 Be7 10. O-O O-O 11. a3 Bf6 12. d5 Na5 13. h4 Re8 14. Ra2 Qd7
15. Kh2 Rad8 16. b4 Nac4 17. Qb3 a5 18. bxa5 Nxa5 19. Qb4 Nbc4 20. Nf4 b6 21.
Nd1 Be4 22. Bxe4 Rxe4 23. Qb1 Rde8 24. f3 Re1 25. Rxe1 Rxe1 26. Nf2 Ne5 27. Kg2
Nac4 28. N2d3 Nxd3 29. Nxd3 Qf5 30. Qc2 Ne3+ 31. Bxe3 Rxe3 32. Nf4 Qxc2+ 33.
Rxc2 Be5 34. a4 Kf8 35. Kf2 Ra3 36. Rc4 Ke7 37. Ke2 g6 38. g4 h6 39. h5 g5 40.
Nd3 Bd6 41. Ne1 Bg3 42. Nc2 Ra2 43. Kd3 Bf4 44. Nd4 Ra3+ 45. Ke2 Ra2+ 46. Kd3
Kd6 47. Nc2 Kd7 48. Rc6 Bd6 49. Rc4 Rb2 50. Ne3 Bc5 51. Nf5 Rf2 52. Ke4 Re2+
53. Kd3 Rf2 54. Ke4 Re2+ 55. Kd3 Rf2 56. Ke4 Re2+ 1/2-1/2

[Event "Czech Chess Christmas 2016"]
[Site "?"]
[Date "2016.12.27"]
[Round "?"]
[White "Cerveny, Petr"]
[Black "Neuman, Petr"]
[Result "1-0"]
[WhiteElo "2300"]
[BlackElo "2420"]
[PlyCount "75"]

1. e4 d6 2. d4 Nf6 3. Nc3 e5 4. Nf3 Nbd7 5. Bc4 Be7 6. O-O O-O 7. a4 c6 8. Qe2
exd4 9. Nxd4 Re8 10. Bd2 Bf8 11. Qf3 Ne5 12. Qd1 a5 13. h3 Ned7 14. Qf3 Ne5 15.
Qd1 Qb6 16. Nf3 Nxf3+ 17. Qxf3 Be6 18. Bg5 Nd7 19. Bxe6 fxe6 20. b3 d5 21. Qg3
g6 22. Rad1 Bg7 23. exd5 exd5 24. Qd6 Bxc3 25. Qxd7 Qb4 26. Rd3 Bg7 27. Rf3 Re1
28. Rf7 Rxf1+ 29. Kxf1 Qd4 30. g3 Rf8 31. Rxf8+ Bxf8 32. Qe6+ Kg7 33. Bf4 Qd1+
34. Kg2 Qxc2 35. Be5+ Kh6 36. Bf4+ Kg7 37. Be5+ Kh6 38. Qf6 1-0